000
00332nam a2200133Ia 4500
008
240624s9999 xx 000 0 und d
041
_a
eng
082
_a
005.1 GOO
100
_a
GOODRICH MICHAEL T
245
_a
ALGORITHM DESIGN FOUNDATIONS ANALYSIS AN
260
_c
2003
_a
Singapore
_b
John Wiley
300
_a
xii, : 708
365
_c
999
_c
2097
_d
2097